Evaluación de proyectos sociales /
Estudio que busca contribuir a mejorar los resultados de la política social en América Latina, al ofrecer orientación metodológica en la evaluación de los proyectos sociales, tanto si requieren obra física como si ella no es necesaria para la operación posterior. Este trabajo es promovido por instit...
Saved in:
| Main Author: | |
|---|---|
| Other Authors: | , |
| Format: | Book |
| Language: | Español |
| Published: |
México :
Siglo XXI,
2000, c2000
|
| Edition: | 5a edición |
| Series: | (Sociología y Política)
|
| Subjects: | |
| Tags: |
No Tags, Be the first to tag this record!
|
MARC
| LEADER | 00000nam^a2200000^a^4500 | ||
|---|---|---|---|
| 001 | 000138001 | ||
| 005 | 20250521000000.0 | ||
| 009 | 20260310095414.857 | ||
| 020 | |a 968-23-1768-1 | ||
| 037 | |a Acervo ITESO - Biblioteca | ||
| 041 | |a ESP | ||
| 082 | |a 362. 980 |b COH | ||
| 100 | |a Cohen, Ernesto |e (autor) | ||
| 245 | 1 | 0 | |a Evaluación de proyectos sociales / |c E. Cohen, R. Franco ; pról. de E.V. Iglesias. |
| 250 | |a 5a edición | ||
| 264 | 4 | |a México : |b Siglo XXI, |c 2000, c2000 | |
| 300 | |a 318 p. | ||
| 336 | |a texto |b txt |2 rdacontenido | ||
| 337 | |a sin mediación |b n |2 rdamedio | ||
| 338 | |a volumen |b nc |2 rdasoporte | ||
| 440 | 1 | |a (Sociología y Política) | |
| 520 | |a Estudio que busca contribuir a mejorar los resultados de la política social en América Latina, al ofrecer orientación metodológica en la evaluación de los proyectos sociales, tanto si requieren obra física como si ella no es necesaria para la operación posterior. Este trabajo es promovido por instituciones internacionales como la OEA, PROPOSAL y el ILPES, todas ellas pertenecientes a la ONU. | ||
| 521 | |a 2012 BO Licenciatura en Publicidad y Comunicación Estratégica | ||
| 521 | |a 2004 BO Licenciatura en Ciencias de la Educación | ||
| 649 | |a XX | ||
| 650 | |a Proyecto Nacional - |x Evaluación | ||
| 650 | |a Planeación de Recursos | ||
| 650 | |a Evaluación de Necesidades | ||
| 650 | |a Metodología | ||
| 650 | |a Análisis de Costos y Ganancias | ||
| 650 | |a Gasto Público | ||
| 650 | |a Racionalismo | ||
| 650 | |a Eficiencia (Economía) | ||
| 650 | |a Presupuesto por Programas | ||
| 650 | |a Presupuesto Público | ||
| 650 | |a Política Social | ||
| 650 | |a Administración Pública - |z Latinoamérica | ||
| 700 | |a Franco, Rolando |e (autor) | ||
| 700 | |a Iglesias, Enrique V. |e (prólogo) | ||
| 910 | |a Fondo General | ||
| 920 | |a Impresos - Libros | ||
| 930 | |a Colección General | ||
| 905 | |a 101 | ||
| 901 | |a 0500098542 |b IT1 |c ACC |u 20250521 | ||
| 901 | |a 0500098545 |b IT1 |c ACC |u 20250521 | ||
| 901 | |a 0500104392 |b IT1 |c ACC |u 20250521 | ||
| 901 | |a 0500104389 |b IT1 |c ACC |u 20250521 | ||
| 901 | |a 0500224216 |b IT1 |c ACC |i C137971 |u 20250521 | ||
| 901 | |a 0500224203 |b IT1 |c ACC |i C137970 |u 20250521 | ||
| 902 | |a https://opac.biblio.iteso.mx/vufind/Record/000138001 | ||